000 00294nam a22001337a 4500
008 170830b xxu||||| |||| 00| 0 eng d
020 _a9780881339628
041 _aeng
080 _22ND
_a070
100 _a40
101 _aMED
245 _aMASS MEDIA EFFECTS
_cJEFFRES,L.W
942 _2udc
_cBK
999 _c25665
_d25665